[Event "Olympiad-44"]
[Site "Chennai"]
[Date "2022.08.06"]
[Round "8.1"]
[White "Nezad, Husein Aziz"]
[Black "Martyr, Reginald"]
[Result "1-0"]
[WhiteElo "2380"]
[BlackElo "2194"]
[PlyCount "105"]
[EventDate "2022.07.29"]
[EventType "team-swiss"]
[EventRounds "11"]
[EventCountry "IND"]
[SourceTitle "CBM 210"]
[Source "ChessBase"]
[SourceDate "2022.10.31"]
[SourceVersion "1"]
[SourceVersionDate "2022.10.31"]
[SourceQuality "1"]
[WhiteTeam "Qatar"]
[BlackTeam "Santa Lucia"]
[WhiteTeamCountry "QAT"]
[BlackTeamCountry "SLU"]

1. e4 e6 2. d4 d5 3. Nd2 c5 4. Ngf3 cxd4 5. exd5 Qxd5 6. Bc4 Qd8 7. 0-0 Nf6 8. Nb3 Nc6 9. Qe2 Bd6 10. Rd1 Qc7 11. Nbxd4 Nxd4 12. Rxd4 0-0 13. Bg5 e5 14. Rh4 Bf5 15. Bxf6 gxf6 16. Bd3 Bg6 17. Rc4 Qb6 18. b3 f5 19. Nxe5 Rfe8 20. Nd7 Bxh2+ 21. Kh1 Qd6 22. Qf3 Re7 23. Rd1 Qxd7 24. Kxh2 Qd6+ 25. Qf4 Rd8 26. a4 Kg7 27. Rh1 Qxf4+ 28. Rxf4 Rd5 29. Kg3 Rde5 30. Kf3 b6 31. Rhh4 Kf8 32. Rd4 Kg7 33. Rd6 Rc5 34. Rhd4 Rce5 35. Rd7 Kf6 36. Kf4 Rxd7 37. Rxd7 a5 38. Rd6+ Re6 39. Rd5 Rc6 40. f3 Ke6 41. Re5+ Kd6 42. Rb5 Ke6 43. g3 f6 44. c4 Rd6 45. Bxf5+ Ke7 46. Be4 Re6 47. g4 Bxe4 48. fxe4 Rc6 49. Rh5 Kd6 50. Rxh7 Kc5 51. Rh5+ Kd4 52. Rd5+ Kc3 53. Rb5 1-0

[Event "Olympiad-44"]
[Site "Chennai"]
[Date "2022.08.03"]
[Round "6.1"]
[White "Martyr, Reginald"]
[Black "Stansford, Chiwambo"]
[Result "1-0"]
[WhiteElo "2194"]
[BlackElo "1913"]
[PlyCount "99"]
[EventDate "2022.07.29"]
[EventType "team-swiss"]
[EventRounds "11"]
[EventCountry "IND"]
[SourceTitle "CBM 210"]
[Source "ChessBase"]
[SourceDate "2022.10.31"]
[SourceVersion "1"]
[SourceVersionDate "2022.10.31"]
[SourceQuality "1"]
[WhiteTeam "Santa Lucia"]
[BlackTeam "Malawi"]
[WhiteTeamCountry "SLU"]
[BlackTeamCountry "MWI"]

1. Nf3 d5 2. c4 e6 3. g3 Nf6 4. Bg2 Be7 5. 0-0 0-0 6. b3 Nbd7 7. Bb2 b6 8. Nc3 Bb7 9. e3 Re8 10. d4 Rc8 11. Qe2 c5 12. Rfc1 Qc7 13. dxc5 bxc5 14. cxd5 exd5 15. Na4 Qb8 16. Rc2 a6 17. Rac1 Rc6 18. Ba3 Rec8 19. Bh3 R8c7 20. Bb2 Qf8 21. Ne5 Nxe5 22. Bxe5 Bd6 23. Bxf6 gxf6 24. Bd7 Qe7 25. Bxc6 Rxc6 26. Qg4+ Kf8 27. Qf5 c4 28. bxc4 dxc4 29. Rxc4 Rxc4 30. Rxc4 h5 31. Nb6 Be5 32. Nd7+ Ke8 33. Nxe5 fxe5 34. e4 Qd6 35. Qxh5 Kf8 36. Qe2 f5 37. Qf3 f4 38. gxf4 exf4 39. Qh5 Kg7 40. Rc5 Bxe4 41. Qe5+ Qxe5 42. Rxe5 Bd3 43. Kg2 Kf6 44. Ra5 Be2 45. f3 Kg6 46. h4 Bb5 47. Kf2 Kh6 48. a4 Bd3 49. Rd5 Bc2 50. Rd4 1-0

[Event "Olympiad-44"]
[Site "Chennai"]
[Date "2022.07.29"]
[Round "1.1"]
[White "Pasko, Llambi"]
[Black "Martyr, Reginald"]
[Result "1-0"]
[WhiteElo "2418"]
[BlackElo "2194"]
[PlyCount "65"]
[EventDate "2022.07.29"]
[EventType "team-swiss"]
[EventRounds "11"]
[EventCountry "IND"]
[SourceTitle "CBM 210"]
[Source "ChessBase"]
[SourceDate "2022.10.31"]
[SourceVersion "1"]
[SourceVersionDate "2022.10.31"]
[SourceQuality "1"]
[WhiteTeam "Albania"]
[BlackTeam "Santa Lucia"]
[WhiteTeamCountry "ALB"]
[BlackTeamCountry "SLU"]

1. d4 d5 2. c4 dxc4 3. e3 Nf6 4. Bxc4 e6 5. Nf3 c5 6. 0-0 a6 7. dxc5 Bxc5 8. Qe2 b5 9. Bd3 Bb7 10. Bxb5+ Nbd7 11. Bd3 g5 12. Rd1 g4 13. Nfd2 Qc7 14. Nc3 Bd6 15. Nf1 h5 16. e4 Rg8 17. Be3 h4 18. Rac1 Qb8 19. Bc2 Bc6 20. Ba4 Bxa4 21. Nxa4 Qb5 22. Qxb5 axb5 23. Nc3 Be5 24. Nxb5 Rxa2 25. Na7 Rxa7 26. Bxa7 Bxb2 27. Rc8+ Ke7 28. Rxg8 Nxg8 29. Bd4 Bxd4 30. Rxd4 Ne5 31. Nd2 f5 32. exf5 exf5 33. Nc4 1-0

[Event "Catalunya-chT Gp1"]
[Site "Barcelona"]
[Date "2022.03.12"]
[Round "8.6"]
[White "Martyr, Reginald"]
[Black "Pellus Ruiz, Josep"]
[Result "0-1"]
[WhiteElo "2217"]
[BlackElo "2093"]
[PlyCount "66"]
[EventDate "2022.01.22"]
[EventType "team-tourn"]
[EventRounds "9"]
[EventCountry "ESP"]
[SourceTitle "CBM 208 Extra"]
[Source "ChessBase"]
[SourceDate "2022.07.31"]
[SourceVersion "1"]
[SourceVersionDate "2022.07.31"]
[SourceQuality "1"]
[WhiteTeam "Mollet"]
[BlackTeam "Gramenet"]
[WhiteTeamCountry "ESP"]
[BlackTeamCountry "ESP"]

1. c4 c5 2. Nf3 Nc6 3. Nc3 e5 4. e3 d6 5. d4 Bg4 6. d5 Nb4 7. a3 Na6 8. Bd3 Nf6 9. h3 Bd7 10. g4 g6 11. Nd2 Bg7 12. g5 Nh5 13. h4 Qe7 14. Be2 0-0-0 15. Bxh5 gxh5 16. Qxh5 h6 17. Nde4 Kc7 18. Qf3 hxg5 19. hxg5 Bg4 20. Qg2 f5 21. gxf6 Rxh1+ 22. Qxh1 Bxf6 23. Kd2 Kb8 24. b3 Qf7 25. f3 Rh8 26. Qg2 Bh3 27. Qe2 Rg8 28. Kd3 Be7 29. Ra2 Rg1 30. Kd2 Bh4 31. Nd1 Re1 32. Qd3 Qxf3 33. Ndc3 Bf1 0-1

[Event "Catalunya-chT Gp1"]
[Site "Barcelona"]
[Date "2022.02.19"]
[Round "5.7"]
[White "Barcelo Sola, David"]
[Black "Martyr, Reginald"]
[Result "1-0"]
[WhiteElo "1994"]
[BlackElo "2217"]
[PlyCount "65"]
[EventDate "2022.01.22"]
[EventType "team-tourn"]
[EventRounds "9"]
[EventCountry "ESP"]
[SourceTitle "CBM 208 Extra"]
[Source "ChessBase"]
[SourceDate "2022.07.31"]
[SourceVersion "1"]
[SourceVersionDate "2022.07.31"]
[SourceQuality "1"]
[WhiteTeam "Badalona Cor de Marina"]
[BlackTeam "Mollet"]
[WhiteTeamCountry "ESP"]
[BlackTeamCountry "ESP"]

1. e4 c5 2. Nf3 e6 3. d4 cxd4 4. Nxd4 a6 5. c4 Nf6 6. Nc3 Bb4 7. e5 Ne4 8. Bd2 Nxc3 9. bxc3 Bf8 10. Bd3 d6 11. exd6 Bxd6 12. 0-0 0-0 13. Qf3 Qc7 14. Qh5 g6 15. Qh6 f5 16. f4 Nc6 17. Nxc6 Qxc6 18. Be3 Bc5 19. Bd4 Bxd4+ 20. cxd4 Qb6 21. Rad1 Qxd4+ 22. Kh1 Qc5 23. h4 b6 24. h5 Ra7 25. Rf3 Rg7 26. Rg3 Rf6 27. Qg5 Qf8 28. Be2 h6 29. Qh4 g5 30. fxg5 hxg5 31. Rxg5 Bb7 32. Rd7 Rff7 33. Rd8 1-0

[Event "Catalunya-chT Gp1"]
[Site "Barcelona"]
[Date "2022.01.29"]
[Round "2.5"]
[White "Martyr, Reginald"]
[Black "Armengol Comas, Joaquim"]
[Result "1-0"]
[WhiteElo "2217"]
[BlackElo "2134"]
[PlyCount "45"]
[EventDate "2022.01.22"]
[EventType "team-tourn"]
[EventRounds "9"]
[EventCountry "ESP"]
[SourceTitle "CBM 206 Extra"]
[Source "ChessBase"]
[SourceDate "2022.03.31"]
[SourceVersion "1"]
[SourceVersionDate "2022.03.31"]
[SourceQuality "1"]
[WhiteTeam "Mollet"]
[BlackTeam "Terrassa"]
[WhiteTeamCountry "ESP"]
[BlackTeamCountry "ESP"]

1. Nf3 g6 2. c4 Bg7 3. Nc3 c5 4. g3 Nc6 5. Bg2 d6 6. 0-0 e5 7. a3 Nge7 8. Rb1 0-0 9. b4 f5 10. Na4 e4 11. Ne1 cxb4 12. axb4 Be6 13. d3 exd3 14. exd3 Rb8 15. b5 Nd4 16. Nf3 Nxf3+ 17. Bxf3 b6 18. Re1 Bf7 19. Bg5 Re8 20. Bc6 Nxc6 21. Bxd8 Nxd8 22. Rxe8+ Bxe8 23. Qe2 1-0

[Event "COL-chB U2200"]
[Site "Antioquia"]
[Date "2018.12.07"]
[Round "2"]
[White "Londono, Neider Farid"]
[Black "Martyr, Reginald"]
[Result "1/2-1/2"]
[WhiteElo "2012"]
[BlackElo "2172"]
[PlyCount "78"]
[EventDate "2018.12.06"]
[EventType "swiss"]
[EventRounds "7"]
[EventCountry "COL"]
[SourceTitle "CBM 190 Extra"]
[Source "ChessBase"]
[SourceDate "2019.07.15"]
[SourceVersion "1"]
[SourceVersionDate "2019.07.15"]
[SourceQuality "1"]

1. e4 c5 2. Nf3 e6 3. d4 cxd4 4. Nxd4 Nc6 5. f4 Qb6 6. Nb5 d5 7. exd5 exd5 8. N1c3 Nf6 9. Nxd5 Nxd5 10. Qxd5 Be6 11. Qe4 0-0-0 12. Bd2 a6 13. Nc3 Rd4 14. Qe3 Qxb2 15. Rb1 Qxc2 16. Rc1 Qg6 17. Be2 Ba3 18. Rd1 Bc5 19. Na4 Ba7 20. Rc1 Rc4 21. Nb6+ Bxb6 22. Qxb6 Rxc1+ 23. Bxc1 Qxg2 24. Rg1 Qe4 25. Be3 Qb4+ 26. Qxb4 Nxb4 27. Rxg7 Nxa2 28. Bd2 b5 29. f5 Bd5 30. f6 Be6 31. Bd3 h5 32. Rg5 Rd8 33. Rc5+ Kb7 34. Be4+ Ka7 35. Rc7+ Kb6 36. Rc6+ Ka7 37. Be3+ Kb8 38. Bf4+ Ka7 39. Be3+ Kb8 1/2-1/2

[Event "Medellin Raza op 8th"]
[Site "Medellin"]
[Date "2018.10.07"]
[Round "6"]
[White "Martyr, Reginald"]
[Black "Osorio, Cristhian Camilo"]
[Result "1-0"]
[WhiteElo "2125"]
[BlackElo "2184"]
[PlyCount "83"]
[EventDate "2018.10.04"]
[EventType "swiss"]
[EventRounds "7"]
[EventCountry "COL"]
[SourceTitle "CBM 186 Extra"]
[Source "ChessBase"]
[SourceDate "2018.08.24"]
[SourceVersion "1"]
[SourceVersionDate "2018.08.24"]
[SourceQuality "1"]

1. Nf3 g6 2. c4 Bg7 3. g3 e5 4. Nc3 Ne7 5. d4 exd4 6. Nxd4 0-0 7. Bg2 Nbc6 8. Nxc6 dxc6 9. Qb3 Rb8 10. Bg5 Be6 11. Qb4 f6 12. Rd1 Qe8 13. Bf4 Rf7 14. Bxc7 Rc8 15. Bf4 Nf5 16. 0-0 Bf8 17. Qa4 g5 18. Bc1 Nd6 19. c5 Nb5 20. Be3 a6 21. Qa5 Nc7 22. Bd4 f5 23. f4 gxf4 24. gxf4 Bg7 25. Qb4 Nb5 26. Nxb5 axb5 27. Rf3 Rd8 28. Rg3 Kf8 29. Rxg7 Rxg7 30. Bxg7+ Kxg7 31. Rd6 Rxd6 32. cxd6 Bd7 33. Qd4+ Kg8 34. Kf2 Qh5 35. Qf6 Qf7 36. Qd8+ Kg7 37. Bf3 Qe6 38. Qc7 Kh6 39. Qb8 Qf6 40. Kg2 Qd4 41. Qd8 Qg7+ 42. Kf1 1-0